| 000 | 00472nam a2200181Ia 4500 | ||
|---|---|---|---|
| 008 | 180207s9999 xx 000 0 und d | ||
| 020 | _a9780394800400 | ||
| 050 | _bL629 1965 | ||
| 100 | _aLeSieg, Theo. | ||
| 245 | _aI wish that I had duck feet / | ||
| 245 | _cTheo LeSieg ; illustrated by B. Tobey. | ||
| 260 | _aNew York : | ||
| 260 | _bRandom House, Inc., | ||
| 260 | _c1965 | ||
| 300 | _a64 pages : | ||
| 300 | _bcolor illustration ; | ||
| 440 | _aDr. Seuss. | ||
| 999 |
_c355216 _d355216 |
||